000 01243nam2a2200265 4500
001 RU\NLR\BIBL_A\016245476
005 20250625011020.0
035 _a(NLR Aleph) 016245476
090 _a12811020
_c12811020
100 _a20221222d2022 |||y0rusy50 ca
101 0 _arus
102 _aRU
200 1 _a"Недаром помнит вся Россия..."
_fМеждунар. проект Пресса в образовании
210 _d2022
_aБ. м.
300 _aК 210-летию Бородин. битвы
461 0 _1001RU\NLR\INFOCOMM16\1000080940
_12001#$aМосковский журнал$e[Изд. Н.М. Карамзина]$v2022, прил. [1]
_92809586
_cМ.
_d1791-1792, 1991 -
_nУнив. тип. у В. Окорокова
_o[Изд. Н.М. Карамзина]
_tМосковский журнал
_x0868-7110
_v2022, прил. [1]
606 1 _aБородинское сражение
_z1812
_91170369
_3RU\NLR\AUTH\66151840
686 1 _aТ3(2)471-686.111.4
686 1 _aЦ35(2)471.621.4
712 0 2 _4570
_a"Пресса в образовании", международный проект
_9826958
_3RU\NLR\AUTH\880580665
852 _aNLR
_jП23/3797
_yс 1991
942 _cISSUE
980 _aNB
980 _aRUSPER